000 01063nam a2200277 i 4500
001 bg
100 1 _aGlinicka, Aniela.
245 1 0 _aStudium odkształcalności cienkościennych belek stalowych z wypełnieniem z betonu lekkiego /
_cAniela Maria Glinicka.
260 _aWarszawa :
_bOficyna Wydawnicza Politechniki Warszawskiej,
_c2002.
300 _a160, [5] k. tabl. kolor. :
_bil. ;
_c24 cm.
490 1 _aPrace Naukowe. Budownictwo / Politechnika Warszawska,
_x0137-2297 ;
_vz. 141
500 _aStreszcz. ang.
504 _aBibliogr.
650 9 _aBelka
_xmechanika
_xbadanie
650 9 _aKonstrukcje stalowe
_xmechanika
_xbadanie
650 9 _aNaprężenia i odkształcenia
_xbadanie
650 9 _aWytrzymałość materiałów
_xbadanie
650 9 _aMetoda elementów skończonych
_xstosowanie
650 9 _aABAQUS
_xstosowanie
830 0 _aPrace Naukowe. Budownictwo (Politechnika Warszawska) ;
_vz. 141
040 _cBPK
041 0 _apl
_ben
080 _a624.014::620.17:539.3/.5
942 _cKS
008 s pl f |000 0 pol
999 _c42058
_d42058
856 _uhttp://koha.tu.koszalin.pl/cgi-bin/koha/opac-detail.pl?biblionumber=42058
_yKatalog online BPK